Mi misión en Chile en 1879 y anexos

Guardat en:
Dades bibliogràfiques
Autor principal: Lavalle, José Antonio de Lavalle y Arias de Saavedra, José Antonio de (Autor)
Autor corporatiu: Instituto de estudios histórico marítimos del Perú (Autor)
Format: Llibre
Idioma:espanyol
Publicat: Lima Cruz & Cía 1994
Edició:3a. ed
Col·lecció:Memorias
Matèries:
Etiquetes: Afegir etiqueta
Sense etiquetes, Sigues el primer a etiquetar aquest registre!

MARC

LEADER 00000nam a2200000 a 4500
001 UCJ8711
003 CL-VaPUC
005 20220221094546.0
008 070124e19941014PE |||||||||||||||||spa|d
999 |c 324368  |d 324366 
040 |c Pontificia Universidad Católica de Valparaíso 
082 0 4 |a 983  |b LAV  |2 21 
100 |a Lavalle, José Antonio de   |e author  |q Lavalle y Arias de Saavedra, José Antonio de   |9 860160 
110 2 |a Instituto de estudios histórico marítimos del Perú  |e author  |9 517626 
245 1 0 |a Mi misión en Chile en 1879 y anexos 
250 |a 3a. ed 
260 |a Lima  |b Cruz & Cía  |c 1994 
300 |a 241 p 
490 0 |a Memorias 
500 |a Contiene un retrato del diplomático peruano y un plano del litoral peruano, boliviano y del norte de Chile. Además, incluye un índice toponímico y onomástico 
583 |a last modification  |c 20070124 00:00:00  |k Rodrigo Vera 
600 0 7 |a SANTA MARIA, DOMINGO VICTOR  |2 CL-VaPUC  |9 504235 
600 0 7 |a IGLESIAS, MIGUEL  |2 CL-VaPUC  |9 494168 
600 0 7 |a PINTO GARMENDIA, ANIBAL  |2 CL-VaPUC  |9 517627 
600 0 |a Lynch, Patricio,  |d 1824-1886  |9 437748 
600 0 7 |a DAZA, HILARION  |2 CL-VaPUC  |9 504294 
600 0 |a Denegri Luna, Félix   |9 517628 
650 0 |a Guerra del Pacífico  |9 314886 
650 0 |a Historia de Chile  |9 265473 
650 0 |a Política internacional  |9 255813 
650 0 |a Diplomacia  |9 256483 
650 0 |a Relaciones Exteriores  |9 255379 
650 7 |a TRATADO DE ANCON  |2 CL-VaPUC  |9 443808 
650 7 |a MEMORIAS  |2 CL-VaPUC  |9 269159 
650 0 |a Correspondencia  |9 258963 
650 0 |a Guerras  |9 255273 
650 7 |a MARINA  |2 CL-VaPUC  |9 517629 
651 0 |a Argentina  |9 254888 
651 0 |a Bolivia  |9 255454 
651 0 |a Perú  |9 256567 
852 |a BIBCUR 
942 |c BK  |2 ddc 
945 |d 20070124 00:00:00  |a fvergara 
952 |0 0  |1 0  |4 0  |6 983_000000000000000_LAV_1994  |7 0  |8 X  |9 404464  |a FDOBUD  |b FDOBUD  |d 2019-11-22  |i 1082817  |o 983 LAV 1994  |p 1082817  |r 2019-11-22  |w 2019-11-22  |y BK_X  |k BUD